Statistics for Bayern Munich All-Time Greatest XI

Click here to take the quiz!

General Stats

  • This quiz has been taken 372 times
  • The average score is 8 of 11

Answer Stats

Position: Nationality: Years Active: Player: % Correct
GoalkeeperGermany1994-2008Oliver Kahn
95%
DefenderGermany2002-2015Philipp Lahm
91%
ForwardGermany1964-1979Gerd Müller
91%
MidfielderNetherlands2009-2015Arjen Robben
89%
DefenderGermany1964-1977Franz Beckenbauer
84%
MidfielderGermany2002-2015Bastian Schweinsteiger
78%
MidfielderGermany1984~2000Lothar Matthäus
63%
ForwardGermany1974-1984Karl-Heinz Rummenigge
57%
MidfielderGermany1990~2002Stefan Effenberg
42%
DefenderGermany1970~1983Paul Breitner
36%
DefenderGermany1966-1981Georg Schwarzenbeck
28%

Score Distribution

Percentile by Number Answered

Percent of People with Each Score

Your Score History

You have not taken this quiz